Supply shortage drives up prices (Record no. 70143)

MARC details
000 -LEADER
fixed length control field 00943cam a2200217 4500
001 - CONTROL NUMBER
control field WB3816-29
008 - FIXED-LENGTH DATA ELEMENTS--GENERAL INFORMATION
fixed length control field 020501n2002 000 0 eng u
035 ## - SYSTEM CONTROL NUMBER
System control number (Sirsi) u117793
245 ## - TITLE STATEMENT
Title Supply shortage drives up prices
260 ## - PUBLICATION, DISTRIBUTION, ETC.
Date of publication, distribution, etc. 2002
490 ## - SERIES STATEMENT
Series statement RICS Press Release
Volume/sequential designation (pr051) 29 April 2002, (2)
520 ## - SUMMARY, ETC.
Summary, etc. The RICS Rural Market Surveyfor the first quarter 2002 reveals that an increase in demand has driven up average farmland prices to £7 873 per ha for the first three months of 2002, from £7 873 last quarter. The residential sector saw the strongest demand, with mixed fortunes throughout the rest of the market. http://www.rics.org/ricscms/bin/show?class=PressRelease&template=/includes/showpr.html&id=727
590 ## - LOCAL NOTE (RLIN)
Local note WB
650 ## - SUBJECT ADDED ENTRY--TOPICAL TERM
Topical term or geographic name entry element RESIDENTIAL SECTOR
650 ## - SUBJECT ADDED ENTRY--TOPICAL TERM
Topical term or geographic name entry element FARMLAND PRICES
650 ## - SUBJECT ADDED ENTRY--TOPICAL TERM
Topical term or geographic name entry element FARMLAND VALUES
650 ## - SUBJECT ADDED ENTRY--TOPICAL TERM
Topical term or geographic name entry element RURAL MARKET
650 ## - SUBJECT ADDED ENTRY--TOPICAL TERM
Topical term or geographic name entry element RICS SURVEYS
690 ## - LOCAL SUBJECT ADDED ENTRY--TOPICAL TERM (OCLC, RLIN)
Topical term or geographic name as entry element RURAL-MARKET
942 ## - ADDED ENTRY ELEMENTS (KOHA)
Suppress in OPAC 0
Holdings
Withdrawn status Lost status Source of classification or shelving scheme Damaged status Not for loan Home library Current library Shelving location Date acquired Total Checkouts Full call number Barcode Date last seen Copy number Price effective from Koha item type
    Dewey Decimal Classification     London London News article 01/05/2002   WB3816-29 117793-1001 06/08/2019 1 06/08/2019 News article